000 00336nam a2200145Ia 4500
003 OSt
005 20231204093425.0
008 170524s9999 xx 000 0 und d
020 _a9788120319325
040 _cIIMT UNIVERSITY
100 _aFADEMNOA
245 0 _aMS ACCESS VERSION 2002
260 _bHIMALYA PUB. HOUSE
942 _2ddc
_c02
999 _c7963
_d7963